[Event "AUTO-ELITE-150"]
[Site "http://www.queenalice.com/game.php?id=341593"]
[Date "2008.1.23"]
[Round "1"]
[White "clauberfm"]
[Black "shogun"]
[Result "0-1"]
[WhiteElo "2230"]
[BlackElo "2521"]

1. c4 e5 2. Nc3 Nf6 3. g3 Bb4 4. Bg2 O-O 5. e4 Bxc3 6. dxc3 d6 7. Qc2 Qe8 8. Ne2
Be6 9. b3 Qc6 10. O-O Nbd7 11. h3 a5 12. a4 Nc5 13. Be3 Rfe8 14. f3 h6 15. Rfd1
b6 16. Nc1 Qd7 17. Kh2 Qe7 18. b4 Nb7 19. Bf1 Nh5 20. g4 Nf4 21. Ne2 Bxc4 22.
Nxf4 exf4 23. Bxf4 Bxf1 24. Rxf1 Nd8 25. Kg2 Qf6 26. Bg3 h5 27. Qd2 h4 28. g5
Qg6 29. Bxh4 Ne6 30. Kh2 Qh5 31. Kg3 g6 32. f4 Ng7 33. Qd3 Rad8 34. Qf3 d5 35.
Qxh5 Nxh5+ 36. Kg4 Rxe4 37. bxa5 bxa5 38. Be1 Rb8 39. c4 f5+ 40. gxf6 Nxf6+ 41.
Kf3 dxc4 42. Bxa5 Rb3+ 43. Kg2 Nd5 44. Rae1 Rd4 45. Rf3 c3 46. f5 Rb2+ 47. Kh1
c2 0-1

[Event "AUTO-ELITE-150"]
[Site "http://www.queenalice.com/game.php?id=341594"]
[Date "2008.1.23"]
[Round "1"]
[White "shogun"]
[Black "clauberfm"]
[Result "1-0"]
[WhiteElo "2512"]
[BlackElo "2229"]

1. e4 c5 2. Nf3 e6 3. Nc3 Nc6 4. Be2 a6 5. d4 cxd4 6. Nxd4 Qc7 7. Be3 Bd6 8. Qd2
Nxd4 9. Bxd4 Bf4 10. Qd3 Ne7 11. g3 Bh6 12. f4 d6 13. O-O-O b5 14. Be3 b4 15.
Na4 Bb7 16. Bb6 Qc6 17. Qxd6 Qxd6 18. Rxd6 Bxe4 19. Rhd1 O-O 20. Nc5 Bg2 21. Nd7
Rfe8 22. Bc5 Nc6 23. Kb1 Be4 24. Nb6 Ra7 25. Re1 Ne7 26. Bxa6 b3 27. axb3 Bxc2+
28. Kxc2 Rxa6 29. Red1 Nd5 30. Nxd5 Rxd6 31. Bxd6 exd5 32. Rxd5 Rd8 33. Rd3 Rc8+
34. Rc3 Re8 35. b4 g5 36. b5 Bg7 37. b6 Bxc3 38. bxc3 gxf4 39. gxf4 1-0

[Event "QA-ANNIV-02"]
[Site "http://www.queenalice.com/game.php?id=346170"]
[Date "2008.1.31"]
[Round "11"]
[White "Orso"]
[Black "clauberfm"]
[Result "1-0"]
[WhiteElo "2340"]
[BlackElo "2247"]

1. d4 d5 2. Bf4 c5 3. e3 Nf6 4. c3 e6 5. Nd2 Nc6 6. Ngf3 Bd6 7. Bg3 Qe7 8. Ne5
Bxe5 9. dxe5 Nd7 10. f4 f6 11. Qh5+ g6 12. exf6 Nxf6 13. Qg5 Bd7 14. Bh4 O-O 15.
e4 Qf7 16. Qxf6 Qxf6 17. Bxf6 Rxf6 18. g3 Rd8 19. O-O-O b6 20. Nf3 Bc8 21. Bb5
Ne7 22. Rhe1 a6 23. Bf1 Rff8 24. exd5 Nxd5 25. Bh3 Nc7 26. Ne5 Kg7 27. c4 b5 28.
b3 bxc4 29. Nxc4 Rxd1+ 30. Rxd1 Nb5 31. Kb2 Nd4 32. b4 cxb4 33. Rxd4 e5 34. Bxc8
exd4 35. Bxa6 g5 36. fxg5 1-0

[Event "Fischer Memorial"]
[Site "http://www.queenalice.com/game.php?id=347268"]
[Date "2008.2.2"]
[Round "1"]
[White "clauberfm"]
[Black "Tads21"]
[Result "1/2-1/2"]
[WhiteElo "2225"]
[BlackElo "2391"]

1. d4 Nf6 2. c4 e6 3. Nf3 b6 4. a3 c5 5. e3 Bb7 6. Nc3 d6 7. Be2 Nbd7 8. d5 exd5
9. cxd5 g6 10. e4 Bg7 11. Nb5 Qe7 12. Nc7+ Kd8 13. Nxa8 Bxa8 14. O-O Qxe4 15.
Nd2 Qd4 16. Nc4 Qxd1 17. Rxd1 Re8 18. Bf3 Kc7 19. Bf4 Bf8 20. h4 Ne4 21. g4 b5
22. Nd2 f5 23. gxf5 gxf5 24. a4 b4 25. Nc4 Be7 26. a5 Bf6 27. Bxe4 Rxe4 28.
Bxd6+ Kd8 29. Rac1 Rxh4 30. b3 f4 31. f3 Bd4+ 32. Kg2 Bxd5 33. Bxc5 Rg4+ 34. Kh3
Rg3+ 35. Kh2 Bxf3 36. Rxd4 Rg2+ 37. Kh3 1/2-1/2

[Event "Lasker vs. Capablanca - board 7"]
[Site "http://www.queenalice.com/game.php?id=350223"]
[Date "2008.2.7"]
[Round "-"]
[White "sergiogvh"]
[Black "clauberfm"]
[Result "0-1"]
[WhiteElo "2353"]
[BlackElo "2239"]

1. e4 e6 2. d4 d5 3. Nc3 Nf6 4. Bg5 dxe4 5. Nxe4 Be7 6. Nxf6+ Bxf6 7. Bxf6 Qxf6
8. Nf3 c5 9. Bb5+ Bd7 10. Be2 Bc6 11. c3 O-O 12. O-O Rd8 13. Qc2 Nd7 14. Rad1
Rac8 15. Rd2 Bxf3 16. Bxf3 cxd4 17. Rfd1 e5 18. Bxb7 Rc7 19. Bf3 g6 20. Qb3 Nc5
21. Qb5 Kg7 22. Qa5 Ne6 23. Bg4 dxc3 24. Rxd8 c2 25. h3 e4 26. R8d2 c1=Q 27.
Rxc1 Rxc1+ 28. Bd1 Nc5 29. Qa3 Nd3 30. Qxa7 Nxb2 31. Qd7 Nc4 32. Rc2 e3 33. fxe3
Nxe3 34. Rf2 Rxd1+ 35. Qxd1 Qxf2+ 36. Kxf2 Nxd1+ 37. Ke1 Nc3 38. a3 Kf6 39. Kd2
Nb1+ 0-1

[Event "QA-ANNIV-03"]
[Site "http://www.queenalice.com/game.php?id=360845"]
[Date "2008.2.25"]
[Round "5"]
[White "clauberfm"]
[Black "Orso"]
[Result "0-1"]
[WhiteElo "2238"]
[BlackElo "2349"]

1. d4 Nf6 2. Nf3 e6 3. c4 Bb4+ 4. Nc3 b6 5. Bg5 Bb7 6. Qc2 c5 7. dxc5 bxc5 8. e3
Qa5 9. Bd3 Bxc3+ 10. bxc3 d6 11. e4 Nbd7 12. Rb1 Rb8 13. O-O O-O 14. Bf4 Qc7 15.
h3 Bc6 16. Qe2 Rb6 17. Rb3 h6 18. Bc2 Ra6 19. Rb2 Rb8 20. Rfb1 Rxb2 21. Rxb2 e5
0-1

[Event "1ER MATCH BRASIL VS ARGENTINA"]
[Site "http://www.queenalice.com/game.php?id=377484"]
[Date "2008.3.26"]
[Round "-"]
[White "clauberfm"]
[Black "sergiogvh"]
[Result "1-0"]
[WhiteElo "2260"]
[BlackElo "2404"]

1. d4 Nf6 2. Nf3 g6 3. c4 d6 4. Nc3 Bg7 5. e4 O-O 6. Be2 Nbd7 7. O-O e5 8. Qc2
c6 9. Be3 Ng4 10. Bg5 f6 11. Bc1 Qa5 12. h3 Nh6 13. Rd1 Nf7 14. d5 Nc5 15. a3
Na6 16. b4 Nxb4 17. axb4 Qxa1 18. Na2 cxd5 19. cxd5 a5 20. Be3 Qxd1+ 21. Qxd1 a4
22. Nd2 Bd7 23. Nc4 Bb5 24. Nb6 Bxe2 25. Qxe2 Ra6 26. Qc4 Re8 27. b5 Ra5 28.
Nxa4 Rea8 29. N2c3 f5 30. Bb6 Rxa4 31. Nxa4 Ng5 32. exf5 gxf5 33. Qc7 Bf8 34.
Nc3 Ra1+ 35. Kh2 Rc1 36. Be3 1-0

[Event "AUTO-ELITE-148"]
[Site "http://www.queenalice.com/game.php?id=406275"]
[Date "2008.5.21"]
[Round "2"]
[White "clauberfm"]
[Black "BRASILOV"]
[Result "0-1"]
[WhiteElo "2236"]
[BlackElo "2425"]

1. d4 Nf6 2. c4 e6 3. Nc3 Bb4 4. Qc2 c5 5. dxc5 O-O 6. a3 Bxc5 7. Nf3 Nc6 8. Bf4
e5 9. Bg5 h6 10. Bxf6 Qxf6 11. e3 d6 12. Bd3 a5 13. O-O Qe6 14. Nd5 Qd7 15. Nh4
Qd8 16. Nf5 g6 17. Ng3 f5 18. h3 a4 19. Rac1 Ne7 20. Nc3 Bd7 21. Rcd1 Bc6 22.
Rc1 Qb6 23. Kh2 h5 24. Qd2 Kg7 25. Nge2 Rf6 26. Bb1 Qa5 27. Rcd1 Bb6 28. h4 Rc8
29. Ba2 Bc5 30. Kg1 Ra8 31. Qd3 Qb6 32. Qd2 Qd8 33. Qc2 Qc8 34. Rd3 f4 35. exf4
exf4 36. Nd4 Bxd4 37. Rxd4 Bxg2 0-1

[Event "AUTO-ELITE-148"]
[Site "http://www.queenalice.com/game.php?id=406276"]
[Date "2008.5.21"]
[Round "2"]
[White "BRASILOV"]
[Black "clauberfm"]
[Result "1-0"]
[WhiteElo "2420"]
[BlackElo "2263"]

1. e4 d5 2. exd5 Nf6 3. Bb5+ Nbd7 4. Nf3 Nxd5 5. d4 c6 6. Be2 g6 7. O-O Bg7 8.
c4 Nc7 9. Nc3 O-O 10. Be3 b6 11. Qd2 Bb7 12. Rad1 Ne6 13. Ng5 Nxg5 14. Bxg5 c5
15. d5 Re8 16. Rfe1 Qc8 17. h3 Ne5 18. Bh6 Bxh6 19. Qxh6 f6 20. Qh4 Qd8 21. Bg4
Bc8 22. Be6+ Bxe6 23. dxe6 Qc8 24. f4 Nc6 25. Rd7 Nb8 26. Red1 Kg7 27. f5 a6 28.
R1d6 Nxd7 29. exd7 1-0

[Event "QA-ANNIV-04"]
[Site "http://www.queenalice.com/game.php?id=418555"]
[Date "2008.6.16"]
[Round "1"]
[White "Rafale2000"]
[Black "clauberfm"]
[Result "1-0"]
[WhiteElo "1986"]
[BlackElo "2256"]

1. e4 c6 2. d4 d5 3. Nc3 g6 4. e5 h5 5. Bg5 Qb6 6. Rb1 Bh6 7. h4 Bg4 8. Be2 f6
9. Bxh6 Nxh6 10. exf6 exf6 11. Nf3 Nd7 12. O-O Bxf3 13. Bxf3 Nf5 14. Re1+ Kf7
15. g3 Qxd4 16. Qxd4 Nxd4 17. Bd1 1-0

[Event "Fischer Memorial"]
[Site "http://www.queenalice.com/game.php?id=418944"]
[Date "2008.6.17"]
[Round "2"]
[White "ALL"]
[Black "clauberfm"]
[Result "1-0"]
[WhiteElo "2401"]
[BlackElo "2276"]

1. d4 d5 2. c4 dxc4 3. Nf3 a6 4. e3 e6 5. Bxc4 Nf6 6. O-O c5 7. Qe2 Nc6 8. Rd1
Qc7 9. Nc3 Bd6 10. a3 cxd4 11. exd4 O-O 12. Bg5 Ng4 13. h3 Nh2 14. Ne1 b5 15.
Bb3 Na5 16. Bc2 Bb7 17. Ne4 Nc4 18. Nxd6 Qxd6 19. Bh4 Nxb2 20. Bg3 Qd7 21. Bxh7+
Kxh7 22. Qxb2 Nf3+ 23. Nxf3 Bxf3 24. gxf3 Rac8 25. Rac1 Rfd8 26. Qb1+ Kg8 27.
Rxc8 Rxc8 28. Qe4 Qd8 29. Kg2 1-0

[Event "Dragon"]
[Site "http://www.queenalice.com/game.php?id=427772"]
[Date "2008.7.5"]
[Round "2"]
[White "shogun"]
[Black "clauberfm"]
[Result "1-0"]
[WhiteElo "2541"]
[BlackElo "2242"]

1. e4 c5 2. Nf3 d6 3. c3 e5 4. d4 Nd7 5. Bc4 Ngf6 6. dxe5 Nxe5 7. Nxe5 dxe5 8.
Bxf7+ Ke7 9. Bd5 Bg4 10. f3 Be6 11. Bxb7 Qxd1+ 12. Kxd1 Rd8+ 13. Kc2 Rd6 14. Be3
Kf7 15. Bxc5 Rd7 16. Bxf8 Rxf8 17. Ba6 Rfd8 18. Be2 Kg6 19. Rd1 Rxd1 20. Bxd1
Bc4 21. Nd2 Bd3+ 22. Kc1 Kg5 23. c4 h6 24. b4 Rd4 25. Nb3 Rxc4+ 26. Kd2 Bxe4 27.
fxe4 Rxb4 28. Nc5 Nxe4+ 29. Nxe4+ Rxe4 30. Rc1 Rd4+ 31. Ke3 h5 32. Bb3 Rg4 33.
Rc7 g6 34. g3 h4 35. Rxa7 hxg3 36. hxg3 Rxg3+ 37. Ke4 Kf6 38. Rf7+ Kg5 39. Bd5
Ra3 40. Rf8 Ra7 41. Kxe5 1-0

[Event "Brasileirão"]
[Site "http://www.queenalice.com/game.php?id=477018"]
[Date "2008.10.14"]
[Round "2"]
[White "clauberfm"]
[Black "daf88"]
[Result "1-0"]
[WhiteElo "2268"]
[BlackElo "1966"]

1. Nf3 Nf6 2. c4 e6 3. d4 Bb4+ 4. Nbd2 c5 5. e3 Nc6 6. a3 Bxd2+ 7. Bxd2 cxd4 8.
Nxd4 O-O 9. Nxc6 dxc6 10. Bb4 Qxd1+ 11. Rxd1 Re8 12. f3 b6 13. Bc3 c5 14. Bd3
Bb7 15. Bc2 Rad8 16. Kf2 Kf8 17. Ba4 Rxd1 18. Rxd1 Rc8 19. g4 Bc6 20. Bc2 h6 21.
Kg3 Ke7 22. h4 Ne8 23. e4 g6 24. e5 Rd8 25. Bd2 h5 26. Bg5+ 1-0

[Event "Dragon"]
[Site "http://www.queenalice.com/game.php?id=564618"]
[Date "2009.3.31"]
[Round "4"]
[White "gbsalvio"]
[Black "clauberfm"]
[Result "1-0"]
[WhiteElo "2530"]
[BlackElo "2222"]

1. Nc3 c5 2. Nf3 d5 3. e4 Nf6 4. exd5 Nxd5 5. Bb5+ Nc6 6. O-O Nxc3 7. bxc3 e6 8.
d4 cxd4 9. cxd4 Bd6 10. Rb1 O-O 11. c4 Bd7 12. c5 1-0

[Event "2º XBI-C20"]
[Site "http://www.queenalice.com/game.php?id=567523"]
[Date "2009.4.6"]
[Round "1"]
[White "mvson33"]
[Black "clauberfm"]
[Result "0-1"]
[WhiteElo "1838"]
[BlackElo "2220"]

1. d4 Nf6 2. Nf3 d5 3. Bf4 Nc6 4. Nc3 Nh5 5. Qd2 Bf5 6. h3 Nxf4 7. Qxf4 e6 8.
O-O-O Bd6 9. Qd2 Nb4 10. Ne1 c5 11. e3 cxd4 12. exd4 O-O 13. a3 Nc6 14. Kb1 Qb6
15. Na4 Qc7 16. Bd3 Nxd4 0-1

[Event "2º XBI-C20"]
[Site "http://www.queenalice.com/game.php?id=625293"]
[Date "2009.7.27"]
[Round "2"]
[White "clauberfm"]
[Black "PROFALEXANDRE"]
[Result "0-1"]
[WhiteElo "2198"]
[BlackElo "1616"]

1. c4 e5 2. Nc3 Bb4 3. g3 d6 4. a3 Bxc3 5. bxc3 d5 6. Bg2 dxc4 7. Qa4+ c6 8.
Qxc4 Nf6 9. Nf3 O-O 10. O-O Be6 11. Qh4 Nbd7 12. Rb1 b6 13. d4 e4 14. Ng5 h6 15.
Nxe6 fxe6 16. Bxe4 Rc8 17. Qh3 Nxe4 18. Qxe6+ Rf7 19. Qxe4 Re7 20. Qd3 c5 21.
Qc4+ Kh8 22. d5 Ne5 23. Qa6 Ng4 0-1